000 00292nam a22001337a 4500
008 170628b xxu||||| |||| 00| 0 eng d
020 _a9780073044019
041 _aeng
080 _23 ED
_a82
100 _a21
101 _aGJL
245 _aTAKING SIDES
_cWHITE.J.W
942 _2udc
_cBK
999 _c19411
_d19411